00588nam a2200193 a 450008200210000010000280002124500440004926000340009330000090012750000350013650500130017165000180018465000220020265000190022470000280024394200070027195201010027899900150037900a324.2054082bPEE aPeerzada, S Sharifuddin aLeader`s Correspondence With Mr. Jinnah aBombaybSh. Nazir Ahmadc1942 a225p aincludes index and biblioraphy2 aAppendix aMuslim League aPakistan-Movement aJinnah-Letters1 aPeerzada, S Sharifuddin cBK 00104070aHMIbHMId2008-02-15g100.00l0o324.2054082 PEEp00986r2008-02-15w2026-01-16yEB c1881d1881